| 000 | 00421nam a2200157Ia 4500 | ||
|---|---|---|---|
| 008 | 230312s9999||||xx |||||||||||||| ||und|| | ||
| 020 | _a81-8431-1029-3 | ||
| 082 |
_a530.141 _bBAK-E |
||
| 100 | _aBakshi,U.A | ||
| 245 | 0 | _aElectromagnetic Field | |
| 260 |
_bTechnical Publications Pune _aIndia _c2008 |
||
| 300 | _aP-44 | ||
| 546 | _aEng. | ||
| 650 |
_aEngineering _vVector Analysis,Coulomb's Law,Gauss'sLaw |
||
| 942 | _cBK | ||
| 999 |
_c1795 _d1795 |
||